All Countries (NOCs) That Have Never Won an Olympic Gold Medal - Statistics

General Stats
  • This quiz has been taken 51 times
  • The average score is 78 of 101
Answer Stats
Continent National Olympic Committee % Correct
Africa Guinea
91%
Asia Laos
91%
Africa Comoros
89%
Africa Democratic Republic of the Congo
89%
South America Guyana
89%
Oceania Marshall Islands
89%
Oceania Nauru
89%
Asia Oman
89%
Oceania Solomon Islands
89%
Africa Togo
89%
Oceania American Samoa
87%
Europe Andorra
87%
Africa Angola
87%
Africa Chad
87%
Africa Gambia
87%
Africa Guinea-Bissau
87%
Africa Mali
87%
Africa Republic of the Congo
87%
Oceania Samoa
87%
Africa Somalia
87%
Asia Yemen
87%
South America Bolivia
84%
Asia Cambodia
84%
Africa Cape Verde
84%
Africa Djibouti
84%
Oceania Kiribati
84%
Africa Madagascar
84%
Asia Maldives
84%
Africa Namibia
84%
South America Paraguay
84%
Africa Rwanda
84%
North America Saint Vincent and the Grenadines
84%
Africa South Sudan
84%
Africa Sudan
84%
Oceania Tonga
84%
Africa Zambia
84%
Africa Benin
82%
Asia Bhutan
82%
Africa Eritrea
82%
Africa Lesotho
82%
Africa Liberia
82%
Africa Mauritania
82%
North America Saint Kitts and Nevis
82%
Europe San Marino
82%
Africa São Tomé and Príncipe
82%
Africa Seychelles
82%
Oceania Vanuatu
82%
Europe Albania
80%
North America Antigua and Barbuda
80%
Africa Equatorial Guinea
80%
Europe Malta
80%
Africa Mauritius
80%
Europe Monaco
80%
Asia Nepal
80%
Oceania Palau
80%
Asia Sri Lanka
80%
Asia Turkmenistan
80%
Oceania Tuvalu
80%
Asia East Timor
78%
Oceania Federated States of Micronesia
78%
Africa Gabon
78%
Africa Libya
78%
Europe Moldova
78%
Africa Niger
78%
Oceania Papua New Guinea
78%
North America Belize
76%
North America Haiti
76%
Europe Montenegro
76%
North America Nicaragua
76%
Africa Sierra Leone
76%
Asia Bangladesh
73%
Asia Brunei
73%
Africa Central African Republic
73%
Africa Eswatini
73%
North America Honduras
73%
Asia Kuwait
73%
Africa Malawi
73%
Africa Senegal
73%
Asia Afghanistan
71%
North America Barbados
71%
Africa Ghana
71%
Asia Iraq
71%
Asia Myanmar
71%
Europe North Macedonia
71%
Europe Bosnia and Herzegovina
69%
Africa Burkina Faso
69%
North America El Salvador
67%
Europe Iceland
67%
Asia Kyrgyzstan
67%
Asia Lebanon
67%
Africa Tanzania
64%
Asia Cyprus
62%
Asia Malaysia
58%
North America British Virgin Islands
51%
Asia Saudi Arabia
51%
North America Virgin Islands
51%
Oceania Guam
49%
Asia Palestine
42%
South America Aruba
33%
Oceania Cook Islands
33%
North America Cayman Islands
31%
No matching quizzes found
Score Distribution
Percent of People with Each Score
Percentile by Number Answered
Your Score History
You have not taken this quiz